Pierwsze 20 reprezentacji kobiet wg rankingu FIFA (stan na 12.2023) - Statystyki

Ogólne statystyki
  • Ten quiz został rozwiązany 59 razy
  • Średni wynik to 17 z 20
Statystyki odpowiedzi
Pozycja Nazwa kraju Punkty % Poprawnych
9 Brazylia 1949.41
100%
6 Niemcy 1987,67
98%
3 Stany Zjednoczone 2051.21
98%
5 Francja 2004.17
95%
2 Hiszpania 2051,84
95%
4 Anglia 2030.14
91%
8 Japonia 1961.35
91%
17 Włochy 1795.18
91%
7 Holandia 1984,5
88%
10 Kanada 1944.84
88%
19 Portugalia 1785,78
88%
11 Australia 1882,88
86%
18 Belgia 1793,53
82%
15 Chiny 1819,59
82%
1 Szwecja 2069.17
82%
13 Norwegia 1856,45
79%
12 Dania 1859,47
66%
20 Korea Południowa 1773,93
66%
16 Austria 1806,84
59%
14 Islandia 1851.05
32%
Nie znaleziono quizów pasujących do podanych kryteriów
Rozkład punktacji
Procent ludzi z każdym wynikiem
Percentyl według liczby udzielonych odpowiedzi
Twoja historia wyników
Nie rozwiązałeś tego quizu